| 000 | 00421nam a2200157Ia 4500 | ||
|---|---|---|---|
| 008 | 230917s9999||||xx |||||||||||||| ||und|| | ||
| 020 | _cRS15 | ||
| 040 |
_e6467 _aMAIN |
||
| 041 | _aEnglish | ||
| 082 | _a320.50954 G748S | ||
| 100 | _aGoyal, O P | ||
| 245 | 0 | _aStudies in modern Indian political thought: The moderates and the extremists | |
| 260 |
_aAllehabad _bKitab Mahel _c1977 |
||
| 300 | _a200 p. | ||
| 942 | _cBK | ||
| 999 |
_c183920 _d183920 |
||